| 000 | 00725nam a2200193 a 4500 | ||
|---|---|---|---|
| 003 | 0 | ||
| 005 | 20250415153554.0 | ||
| 008 | 060724s19uu xx 00 eng d | ||
| 050 |
_aPHS LB 1065 _b.B38 2006 |
||
| 100 | _aBautista, Celine Consuelo C. | ||
| 245 |
_aThe Effects of the interest of the grade 11 students in the core subjects on their participation during DCIA activities / _cCeline Consuelo C. Bautista. |
||
| 260 |
_aLas PiƱas City, Philippines : _bSouthville International School and Colleges, _c2006. |
||
| 300 |
_a24 pages ; _c28 cm. |
||
| 504 | _aIncludes bibliographical references. | ||
| 650 | _aStudent motivation. | ||
| 650 | _aAcademic interest. | ||
| 650 | _aStudent activities. | ||
| 942 |
_2lcc _cPASS |
||
| 999 |
_c97574 _d97574 |
||